02272nam a2200301Ia 4500001000600000003000900006008004100015040001300056040001300069041001300082100001600095100002900111245002800140245002800168250001100196260001100207260001600218260004900234300005700283500130200340650002501642650003101667942000701698957000601705999001701711999000601728952023601734G9643IT-RoPAU130308s9999 xx 000 0 und d aIT-RoPAU cIT-RoPAU aITALIANO aCorti Maria gCodice Aut. SPICS: 7780 aNuovi metodi e fantasmi bNuovi Metodi e Fantasmi a3a ed. aMILANO bFeltrinelli c2001 [1° Ed.:1969 - Ed.Ling.Originale:1969] a"494 p. (prefazione: no ; testo: 494 [pagine: 0-0])" a"Trittico per Fenoglio: Il Partigiano Capovolto, un Nuovo Anello della Catena, costanti e varianti Narrative. romano Bilenchi Ovvero Connotazione toscana e Denotazione Italiana. ""Esposizione sopra Dante"" di Eugenio Montale. Nuova Vita interdisciplinare della Critica. Orecchie della ""Neocritica"". Lingua e Scrittori Oggi. Dialetti in Appalto. Parlante Come Protagonista. Prosa: Passato e Prsente. Uno Scrittore in Cerca della Lingua. Problema della Lingua nel Romanticismo Italiano. Passero solitario in Arcadia. Il Servo Elia. Un Grammatico e Il Sistema Classificatorio nel Cinquecento. da un convento Veneto a un castello Piacentino: l'autore del ""Delfilo"" Non è Francescocolonna. Codice Bucolico e L'""Arcadia"" di Jacobo Sannazaro. Rivoluzione e Creazione stilistica nel Sannazaro. per un fantasma di Meno. con Manzoni All'Osteria della Luna Piena. Nascita e Crescita di un Romanzo inedito di romano Bilenchi. La Poesia di Dante Letta da Quattro Poeti del Novecento. Il Partigiano Johnny: Genesi e Storia, Struttura, Tematiche e Contenuti, Modelli e Fonti, Valutazione Critica e Linguistico Stilistica. Nuovi Metodi Dellacritica (Anni 60 e 70). Storia della Lingua e Storia Letteraria. utopia della Lingua Pura. Europa Come ""Luogo Mentale"" e I ""Mondi Possibili"" della Letteratura." aSAGGI DI LINGUISTICA eCodice materia Spics: 3207 cBK 71 c88035d88035 g1 0010406G_000000000000000_964371aSPICSbSPICSd2013-03-08l0oG9643r2013-03-08 00:00:00w2013-03-08yBKzProgressivo inserimento: 4164 / N. Volumi: 1 Copie: 1 / data import: 1 marzo 2013 - By Epidotti, Trombetti, Vaglietti.